| Tag |
First Indicator |
Second Indicator |
Subfields |
| LEADER |
00000nam a2200000 4500 |
| 001 |
in00004286021 |
| 005 |
20200813080724.0 |
| 006 |
m g d |
| 007 |
cr bn |||a|bb| |
| 008 |
850702s1642 enk o 00| | eng d |
| 035 |
|
|
|a (UnM)99866086
|
| 037 |
|
|
|a CL0051000001
|b ProQuest Information and Learning. 300 N. Zeeb Rd., Ann Arbor, MI 48106
|
| 040 |
|
|
|a Cu-RivES
|c Cu-RivES
|d CStRLIN
|e dcrb
|d WaOLN
|
| 130 |
0 |
|
|a Joyfullest newes from Hull that ever came to London.
|
| 245 |
1 |
4 |
|a The joyfullest nevves from Hull that ever came to London. :
|b Read in both Houses of Parliament, August 12. 1642. Wherein is declared the proceedings of the Earle of Warwickes ships in the River Humber, how they have taken divers ships that were sent from the Queen to the King with great store of ammunition for warre, and 300000. pounds of mony, which they sent to Sir Iohn Hotham. As also divers brave horses which he sent to the Lords to be preferred to both Houses of Parliament. Ordered that this be printed and published, Hen. Elsing, Cler. Parl. D. Com.
|
| 260 |
|
|
|a [London] :
|b August 17. Printed by T. Fawcet for T.R.,
|c [1642]
|
| 300 |
|
|
|a 1 online resource ([2], 6 pages)
|
| 336 |
|
|
|a text
|b txt
|2 rdacontent
|
| 337 |
|
|
|a computer
|b c
|2 rdamedia
|
| 338 |
|
|
|a online resource
|b cr
|2 rdacarrier
|
| 500 |
|
|
|a Place and date of publication from Wing.
|
| 500 |
|
|
|a Reproductions of the original in the British Library.
|
| 510 |
4 |
|
|a Wing (2nd edition)
|c J1155.
|
| 510 |
4 |
|
|a Thomason
|c E.112[19].
|
| 533 |
|
|
|a Electronic reproduction.
|b Ann Arbor, Mich. :
|c UMI,
|d 1999-
|f (Early English books online)
|n Digital version of: (Thomason Tracts ; 20:E112[19])
|7 s1999 miun s
|
| 600 |
0 |
0 |
|a Charles
|b I,
|c King of England,
|d 1600-1649
|v Early works to 1800.
|
| 600 |
1 |
0 |
|a Warwick, Robert Rich,
|c Earl of,
|d 1587-1658
|v Early works to 1800.
|
| 651 |
|
4 |
|a Hull (England)
|x History
|v Early works to 1800.
|
| 651 |
|
4 |
|a Great Britain
|x History
|y Charles I, 1625-1649
|v Early works to 1800.
|
| 651 |
|
0 |
|a Great Britain
|x History
|y Civil War, 1642-1649
|x Naval operations
|v Early works to 1800.
|
| 710 |
1 |
|
|a England and Wales.
|b Parliament.
|
| 830 |
|
0 |
|a Early English books online.
|
| 856 |
4 |
0 |
|u http://proxy.library.tamu.edu/login?url=https://search.proquest.com/docview/2240945000
|z Connect to the full text of this electronic book
|t 0
|
| 999 |
f |
f |
|s 2829912f-a0a4-327d-9b72-d52e50b66e7d
|i 3d9297f8-d9a5-33c2-8af7-f9064a656659
|t 0
|
| 952 |
f |
f |
|a Texas A&M University
|b College Station
|c Electronic Resources
|d Available Online
|t 0
|h No information provided
|
| 998 |
f |
f |
|t 0
|l Available Online
|